000 00409 a2200109 4500
001 ART_10786
005 20260410161854.0
008 260409a
245 1 0 _aEl abuso del derecho y el Proyecto de Código Civil y Comercial de 2012
100 1 _aPrieto Molinero, Ramiro J.
773 0 _tDerecho privado
_gReforma del Código Civil I. Aspectos generales - Año I, Nº 2 (sep. 2012)
_wREV10455
999 _c25305
_d25305